Význam amidov kyseliny nikotínovej vo výžive a pre ochranu zdravia bakalárske práce

Guardado en:
Detalles Bibliográficos
Autor principal: Kováčová, Zuzana
Formato: Libro
Lenguaje:eslovaco
Publicado: Bratislava STU FCHPT 2016
Acceso en línea:Ver en el OPAC
Etiquetas: Agregar Etiqueta
Sin Etiquetas, Sea el primero en etiquetar este registro!

MARC

LEADER 00000nam a2200000 a 4500
005 20260127134122.0
008 160923 2016 000 0 slo d
035 |a vtls011581308 
039 9 |y 201609231323  |z mschk03 
040 |a STUSCHK1  |b slo  |c STUSCHK1  |e AACR2 
100 1 |a Kováčová, Zuzana 
245 1 |a Význam amidov kyseliny nikotínovej vo výžive a pre ochranu zdravia  |b bakalárske práce  |c Zuzana Kováčová 
260 |a Bratislava  |b STU FCHPT  |c 2016 
300 |a 49 s.  |b il.  |c 25 cm 
500 |a Študijný program: výživa, kozmetika, ochrana zdravia 
500 |a Študijný odbor: potravinárstvo 
500 |a Školiace pracovisko: Odd. anorganickej chémie 
500 |a Evid.číslo: FCHPT-104558-63973 
910 |a SCHK95 
999 |c 4496  |d 4496